Když nežiješ na hraně, zabíráš příliš místa
Zaujímavý rozhovor s britským koučom a divadelným režisérom, ktorý bol vyznamenaný časopisom Financial Times za prácu s futbalovým klubom Liverpool FC a za tréningy so zamestnancami spoločnosti BBC. Režisér verí v transformačnú silu divadla a v to, že môže pomôcť aj v podnikaní. Chce tieto dva svety...
Saved in:
| Main Author: | |
|---|---|
| Other Authors: | |
| Format: | Book Chapter |
| Language: | Czech |
| Subjects: | |
| Tags: |
No Tags, Be the first to tag this record!
|
MARC
| LEADER | 00000naa a2200000 4500 | ||
|---|---|---|---|
| 001 | 0234821 | ||
| 005 | 20170803084633.0 | ||
| 041 | 0 | |a cze | |
| 044 | |a CZ | ||
| 245 | 1 | 0 | |a Když nežiješ na hraně, zabíráš příliš místa |c Kristina Žantovská, Paul Bourne |
| 520 | |a Zaujímavý rozhovor s britským koučom a divadelným režisérom, ktorý bol vyznamenaný časopisom Financial Times za prácu s futbalovým klubom Liverpool FC a za tréningy so zamestnancami spoločnosti BBC. Režisér verí v transformačnú silu divadla a v to, že môže pomôcť aj v podnikaní. Chce tieto dva svety prepájať. | ||
| 610 | 2 | 0 | |a koučovanie |
| 610 | 2 | 0 | |a kreativita |
| 610 | 2 | 0 | |a komunikácia |
| 610 | 2 | 0 | |a práca |
| 610 | 2 | 0 | |a manažéri |
| 610 | 2 | 0 | |a zamestnanci |
| 610 | 2 | 0 | |a umenie |
| 100 | 1 | |a Žantovská, Kristina | |
| 700 | 1 | |a Bourne, Paul | |